[Event "Angers op 15th"]
[Site "Angers"]
[Date "2022.05.29"]
[Round "5"]
[White "Gresser, Baptiste"]
[Black "Bellay, Philippe"]
[Result "1-0"]
[WhiteElo "1847"]
[BlackElo "1815"]
[PlyCount "49"]
[EventDate "2022.05.27"]
[EventType "swiss"]
[EventRounds "6"]
[EventCountry "FRA"]
[SourceTitle "CBM 208 Extra"]
[Source "ChessBase"]
[SourceDate "2022.07.31"]
[SourceVersion "1"]
[SourceVersionDate "2022.07.31"]
[SourceQuality "1"]

1. e4 Nc6 2. d4 d5 3. e5 Bf5 4. h4 Qd7 5. Be2 h6 6. Be3 e6 7. c3 0-0-0 8. Nd2 f6 9. Ngf3 Bg4 10. Qa4 Kb8 11. 0-0-0 Nxe5 12. Qb3 Nc6 13. Bf4 Bd6 14. Bxd6 Qxd6 15. Nf1 Rc8 16. Ne3 Bxf3 17. Bxf3 Nge7 18. Rhe1 Rhd8 19. Bg4 f5 20. Bh3 g6 21. g3 Ng8 22. f4 Nf6 23. Kb1 Na5 24. Qc2 Nc4 25. Rd3 1-0